000 01929cam a22003973i 4500
001 2436
005 20231208114300.0
020 _a9781476749129
_q(paperback)
020 _a9781471148538
040 _aBTCTA
_beng
_cBTCTA
_erda
_dBDX
_dOCLCQ
_dZQP
_dOCLCO
_dSO$
_dOCLCO
_dOCLCF
_dOCLCO
_dINR
_dJN5
_dAZZPT
_dTXWIT
_dOCLCO
_dOCLCQ
_dOCLCA
_dOCLCO
_dDF$
_dOCLCA
_dTYV
_dDLC
050 0 _aPS3553.L287
082 _a813.54
100 1 _aClark, Mary Higgins
245 1 4 _aThe melody lingers on /
_cMary Higgins Clark
250 _aFirst published in Great Britain by Simon & Schuster UK Ltd, 2015
260 _aLondon :
_bSimon & Schuster UK Ltd,
_c1997
300 _a262 pages :
_c23 cm
500 _aIncludes excerpt from: I've got you under my skin.
505 _aZ
520 _aParker Bennett has been missing for two years. He dropped out of sight-- on a sailboat in the Caribbean-- just before it was discovered that the $5 billion dollars in the fund he had been managing had vanished. Lane Harmon, assistant to an upscale interior designer, is working on his wife's townhouse. Gradually, Lane finds herself drawn to Eric, the Bennetts' son, who is determined to prove that his father is not guilty. Lane doesn't know that the closer she gets to the Bennetts, the more she puts her life-- and her daughter's life-- in jeopardy.
521 _a900
_bLexile estimate
521 _aZ
_bRaz-Plus
650 0 _aFamily secrets
_vFiction.
650 0 _aCold cases (Criminal investigation)
_vFiction.
650 0 _aRich people
_vFiction.
650 0 _aInterior decorators
_vFiction.
650 0 _aMissing persons
_vFiction.
655 4 _aDetective and mystery fiction.
655 4 _aFiction.
655 7 _aSuspense fiction.
_2gsafd
655 7 _aMystery fiction.
_2gsafd
655 7 _aDetective and mystery fiction.
_2lcgft
655 7 _aFiction.
_2lcgft
906 _a7
_bcbc
_ccopycat
_d2
_encip
_f20
_gy-genrareb
942 _2ddc
_cBK
_n0
999 _c2436
_d2436